[Event "Mitropa Cup 19th"]
[Site "Baden"]
[Date "1999.04.02"]
[Round "2"]
[White "Konopka, Michal"]
[Black "Neubauer, Martin"]
[Result "1/2-1/2"]
[WhiteElo "2480"]
[BlackElo "2304"]
[PlyCount "107"]
[EventDate "1999.04.??"]
[EventType "team-tourn"]
[EventRounds "9"]
[EventCountry "SUI"]
[Source "ChessBase"]
[SourceDate "1999.08.01"]

1. d4 g6 2. Nf3 Bg7 3. g3 c5 4. d5 Nf6 5. Bg2 d6 6. O-O b5 7. c4 bxc4 8. Nfd2
O-O 9. Nxc4 Nfd7 10. Qc2 a5 11. Bd2 a4 12. Bc3 Nb6 13. Bxg7 Kxg7 14. Nbd2 N8d7
15. b3 Nxc4 16. bxc4 Qa5 17. e4 Rb8 18. f4 Qb4 19. Rab1 Qa3 20. Rxb8 Nxb8 21.
Nb1 Qe3+ 22. Qf2 Qxf2+ 23. Rxf2 Ba6 24. Bf1 Nd7 25. Rb2 Ra8 26. Bd3 Kf8 27. a3
Ke8 28. Nc3 Kd8 29. Kf2 Kc7 30. Nd1 Rb8 31. Rxb8 Kxb8 32. Ke2 Nb6 33. Nb2 f6
34. Kd2 Bc8 35. Kc3 Kc7 36. Bc2 Bd7 37. Nd3 Kd8 38. e5 Bf5 39. e6 Bxd3 40. Bxd3
Ke8 41. h4 Kf8 42. f5 gxf5 43. Bxf5 Kg7 44. Bc2 Kg8 45. Bd1 Kg7 46. Bh5 Kf8 47.
Kd3 Nc8 48. Ke4 Nb6 49. Be2 Kg7 50. Kf5 Nc8 51. Bd3 Nb6 52. g4 h6 53. Kf4 Nc8
54. Kf5 1/2-1/2

[Event "Mitropa Cup 19th"]
[Site "Baden"]
[Date "1999.04.02"]
[Round "2"]
[White "Lehner, Oliver"]
[Black "Polak, Tomas"]
[Result "0-1"]
[WhiteElo "2408"]
[BlackElo "2488"]
[PlyCount "102"]
[EventDate "1999.04.??"]
[EventType "team-tourn"]
[EventRounds "9"]
[EventCountry "SUI"]
[Source "ChessBase"]
[SourceDate "1999.08.01"]

1. Nf3 Nf6 2. d4 e6 3. e3 b6 4. Bd3 Bb7 5. Nbd2 d5 6. O-O Nbd7 7. Ne5 Nxe5 8.
dxe5 Nd7 9. f4 Nc5 10. b4 Nxd3 11. cxd3 Qd7 12. Rb1 Bc6 13. Nf3 Ba4 14. Qd2 Be7
15. Nd4 c5 16. bxc5 bxc5 17. Nb3 Rc8 18. Ba3 c4 19. Bxe7 c3 20. Qf2 Qxe7 21.
Nd4 O-O 22. Qg3 f5 23. exf6 Rxf6 24. Rbc1 c2 25. f5 exf5 26. Nxf5 Qd7 27. e4
Re8 28. Qg4 Kh8 29. Rfe1 dxe4 30. dxe4 g6 31. Qh4 Ref8 32. Ne3 Qd4 33. h3 Rf4
34. Qe7 Qxe4 35. Qxa7 Rf2 36. Qc5 h6 37. Qd6 Kg7 38. Qg3 Qf4 39. Qxf4 R8xf4 40.
Nd5 Rf7 41. Ne3 Rd2 42. Kh2 Rfd7 43. Kg3 Rd1 44. Kf4 Rxe1 45. Rxe1 Rd1 46. Nxc2
Bxc2 47. Re7+ Kf6 48. Rc7 Bf5 49. g4 Be6 50. Rc6 Rd4+ 51. Ke3 Ra4 0-1

[Event "Mitropa Cup 19th"]
[Site "Baden"]
[Date "1999.04.02"]
[Round "2"]
[White "Manik, Mikulas"]
[Black "Palac, Mladen"]
[Result "0-1"]
[WhiteElo "2478"]
[BlackElo "2589"]
[Annotator "Gofshtein,L"]
[PlyCount "62"]
[EventDate "1999.04.??"]
[EventType "team-tourn"]
[EventRounds "9"]
[EventCountry "SUI"]
[Source "ChessBase"]
[SourceDate "1999.08.01"]

{Tsesarsky} 1. e4 c5 2. Nf3 Nc6 3. d4 cxd4 4. Nxd4 Nf6 5. Nc3 d6 6. Bg5 e6 7.
Qd2 a6 8. O-O-O h6 9. Be3 Bd7 10. f4 b5 11. Bd3 Be7 12. Kb1 O-O 13. h3 Nxd4 14.
Bxd4 Bc6 15. Qe3 Qc7 16. e5 dxe5 17. Bxe5 Qb7 18. Rhg1 {This variation can be
recommended for Black.} (18. Rhf1 b4 (18... Rad8 19. f5 (19. g4 b4 20. Ne2 Nd5
21. Qg3 f6 22. Bd4 Bd6 23. h4 Rfe8 $132) 19... exf5 (19... Bxg2 20. Rf2 b4 21.
Ne2 exf5 22. Rg1 $16) 20. Rxf5 b4 21. Ne2 Ne4 22. Nd4 Bg5 23. Qe1 $132 {1/2-1/
2 Mueller,M-Lerner Konstantin Z/Cuxhaven GER 1993 (30)}) 19. Ne2 (19. Bxf6 Bxf6
20. Ne4 Be7 21. g4 Qa7 22. Qe2 Rad8 $132 {1-0 Nijboer,F-Wells,P/Antwerpen op
1996/EXT 96op2 (35)}) 19... Bb5 20. f5 Bxd3 21. Rxd3 exf5 22. Nd4 Ne4 23. Nxf5
Bg5 $132 {1-0 Oll,L-Yrjola,J/EST-FIN  ,EXT 1991 (55)}) (18. Rhe1 Rad8 (18...
Bxg2 19. Rg1 $16 {[%cal Gg1g7,Gf4f5]}) (18... b4 19. Ne2 $132) (18... Rfd8 19.
f5 exf5 20. Bxf5 Rxd1+ 21. Rxd1 Re8 $132 {0-1 Erneste,I-Lerner,K/Berlin open
1992 (29)}) 19. g4 b4 20. Ne2 Nd5 21. Qg1 (21. Qg3 f6 22. Bd4 Bd6 $11) (21. Qf2
Bf6 22. Bxf6 Nxf6 23. Ng3 Ne4 {1/2-1/2 Hellers,F-Stefansson,H/Skolernes
Skakklub, Aarhus DEN 1997 (23)}) 21... Bb5 22. g5 (22. Bxb5 Qxb5 23. Nd4 Qb6
24. g5 (24. f5 Bh4 25. Rf1 Bg5 26. fxe6 fxe6 $11) 24... hxg5 25. fxg5 $14)
22... hxg5 23. fxg5 $14 {1/2-1/2 Yudasin,L-Oll,L/Pamplona 1991/Inf 53/ (52)})
18... b4 (18... Rad8 $5 19. g4 b4 20. Bxf6 Bxf6 21. Ne2 Qc7 22. g5 hxg5 23.
fxg5 Qe5 24. Qc1 (24. gxf6 Qxe3 25. Rxg7+ Kh8 26. Rh7+ Kg8 27. Rg7+ $11) 24...
Be7 25. Rde1 (25. Bxa6 Rxd1 26. Qxd1 Bxg5 $17) 25... Qc5 $2 (25... Qa5 26. Qf4
$132 (26. g6 $4 Bd5 27. gxf7+ Rxf7 28. b3 Bxb3 $3 29. cxb3 (29. axb3 Bf6 $19)
29... Rxd3 30. Qc8+ (30. Rgf1 Rxf1 31. Rxf1 Qe5 $19) 30... Bf8 31. Qxe6 (31.
Rd1 Qf5 $19) 31... Rd2 32. Nc1 Qa3 33. Qe5 Rff2 $19)) 26. g6 $14 {1-0 Brodsky,
M-Maiwald,J/Bucuresti "Memorial V. Ciocaltea" (3.5) 1994 (38)}) 19. Ne2 Ne4 (
19... Rfd8 20. g4 (20. f5 exf5 21. Bxf5 Rxd1+ 22. Rxd1 Bxg2 23. Nf4 Qf3 $17)
20... Nd5 21. Qf2 f6 22. Bd4 $132) 20. g4 (20. Nd4 Nc5 (20... Bc5 21. Rde1 Nc3+
22. Ka1 (22. bxc3 $2 bxc3+ 23. Kc1 Bd5 24. Be4 Bxe4 25. Qxe4 Qb2+ 26. Kd1 Rad8
27. Ke2 f6 28. Nxe6 Qb5+ (28... Rd2+ 29. Kf3 Bxg1 30. Nxf8 fxe5 31. Ng6 Qb6 32.
Rf1 Rf2+ 33. Rxf2 Qxf2+ 34. Kg4 exf4 35. Nxf4 Bh2 $11) 29. Kf3 f5 30. Qe2 Qc6+
31. Kg3 Qxe6 32. Rgf1 Rd2 $17) 22... Nd5 (22... Bd5 23. bxc3 (23. Bxg7 Kxg7 24.
bxc3 bxc3 25. Rb1 Qa7 26. Qg3+ Kh8 27. Qh4 f6 28. Qxh6+ Kg8 29. Ne2 Bxg1 30.
Rxg1 Rab8 $15) 23... f6 24. Bd6 Bxd6 25. c4 $16) 23. Qe4 f5 24. Qf3 Qb6 25. Qf2
Ra7 26. g4 $14) 21. Nxc6 Qxc6 22. Be2 Rac8 23. Bf3 $132) 20... Rad8 21. Bxe4 (
21. Nd4 Bc5 22. Bxe4 Bxe4 23. g5 h5 $11) 21... Bxe4 22. Ng3 $5 (22. Nd4 f6 23.
Bc7 $1 Bxc2+ 24. Nxc2 Qxc7 25. Qxe6+ Kh8 26. f5 $11) 22... Bh7 23. f5 Qc6 (
23... f6 24. Bd6 (24. Bd4 e5 25. Bb6 Rb8 26. Qb3+ (26. Ba7 Ra8 27. Bb6 Rfb8 28.
Qb3+ Kh8 29. Be3 Bg8 30. Qd3 Rd8 $15) 26... Kh8 27. Be3 Bg8 $15) 24... e5 25.
Ne4 Rfe8 $11) 24. Bxg7 $4 $19 (24. Rge1 $132) 24... Rxd1+ 25. Rxd1 Rc8 26. c3
Bg5 (26... Kxg7 27. Nh5+ Kh8 28. Qe5+ (28. Qxh6 Qe4+ 29. Ka1 Qe5 $19) 28... f6
29. Nxf6 Qc7 $1 30. Qxc7 Rxc7 31. Nxh7 exf5 $1 32. gxf5 bxc3 $1 33. bxc3 Kxh7
$19) 27. Qe5 (27. Qd4 exf5 28. gxf5 (28. Nxf5 Bxf5+ 29. gxf5 bxc3 30. bxc3 Rb8+
31. Ka1 Rd8 $19) 28... bxc3 $19) 27... exf5 28. Nxf5 bxc3 29. bxc3 Bxf5+ 30.
gxf5 Re8 31. Qd4 Rd8 0-1

[Event "Mitropa Cup 19th"]
[Site "Baden"]
[Date "1999.04.02"]
[Round "2"]
[White "Oral, Tomas"]
[Black "Weiss, Christian"]
[Result "1-0"]
[WhiteElo "2521"]
[BlackElo "2444"]
[PlyCount "93"]
[EventDate "1999.04.??"]
[EventType "team-tourn"]
[EventRounds "9"]
[EventCountry "SUI"]
[Source "ChessBase"]
[SourceDate "1999.08.01"]

1. e4 e6 2. d4 d5 3. Nd2 c5 4. Ngf3 cxd4 5. exd5 Qxd5 6. Bc4 Qd6 7. O-O Nf6 8.
Nb3 Nc6 9. Nbxd4 Nxd4 10. Qxd4 Qxd4 11. Nxd4 a6 12. Re1 Bd7 13. Bg5 h6 14. Bh4
Rc8 15. Bb3 Be7 16. Rad1 g5 17. Bg3 O-O 18. h3 Rfe8 19. Be5 Nd5 20. Nf5 exf5
21. Bxd5 Be6 22. Bc3 Bxd5 23. Rxd5 Bf8 24. Rxe8 Rxe8 25. Rxf5 Re2 26. Re5 Rxe5
27. Bxe5 f5 28. f4 Kf7 29. fxg5 hxg5 30. Kf2 Ke6 31. Bc7 Bc5+ 32. Kf3 Kd7 33.
Bb8 b5 34. g3 Ke6 35. h4 Be7 36. h5 a5 37. b3 a4 38. bxa4 bxa4 39. c4 Bf8 40.
g4 Be7 41. Bc7 Bf8 42. Bd8 Bd6 43. c5 Kd7 44. Bf6 f4 45. Ke4 Kc6 46. Bd4 Bf8
47. Bf2 1-0

[Event "Mitropa Cup 19th"]
[Site "Baden"]
[Date "1999.04.02"]
[Round "2"]
[White "Pelletier, Yannick"]
[Black "Acs, Peter"]
[Result "0-1"]
[WhiteElo "2483"]
[BlackElo "2521"]
[Annotator "Baburin"]
[PlyCount "68"]
[EventDate "1999.04.??"]
[EventType "team-tourn"]
[EventRounds "9"]
[EventCountry "SUI"]
[Source "ChessBase"]
[SourceDate "1999.08.01"]

1. c4 Nf6 2. Nf3 c6 3. d4 d5 4. Nc3 e6 5. Bg5 Nbd7 6. cxd5 exd5 7. e3 Be7 8.
Bd3 O-O 9. Qc2 Re8 10. O-O g6 11. Rab1 a5 12. a3 Nf8 13. b4 Ne6 14. Bh4 Ng7 15.
Bxf6 (15. b5 $5 Bxa3 16. bxc6 bxc6 17. Qa4) 15... Bxf6 16. b5 Bg4 17. bxc6 bxc6
18. Nd2 Be7 19. a4 Bd6 {This pawn formation is typical for Spassky's idea, who
used to play ...a6 and after a2-a4 and b4-b5 - ...a5!, gaining control over
the b4-square. This may allow Black to block the b-file, if necessary. It's
also important that the a4-square is not available for the c3-knight, which
would otherwise go to c5. Usually in such positions White goes for the e3-e4
break, trying to get access to the weakness on c6.} 20. Rfe1 (20. e4 $5) 20...
Qg5 21. Rb6 Nf5 $1 22. Bxf5 Bxf5 23. Qc1 Rac8 24. Na2 Qd8 25. Rb3 c5 $1 {
White's pieces are badly co-ordinated and thus the c6-c5 break is well timed.}
26. dxc5 Bxc5 27. Rc3 Bd6 28. Rxc8 Qxc8 29. Nb3 $2 Qa6 (29... Bxh2+ $1 30. Kxh2
Qb8+ 31. Kg1 Qxb3 $19) 30. Qd2 Rb8 31. Nd4 Bd7 32. Nc3 Qc4 33. Ndb5 $2 Bb4 $19
34. Rc1 Rc8 0-1

[Event "Mitropa Cup 19th"]
[Site "Baden"]
[Date "1999.04.02"]
[Round "2"]
[White "Sax, Gyula"]
[Black "Gallagher, Joseph G"]
[Result "0-1"]
[WhiteElo "2524"]
[BlackElo "2519"]
[Annotator "Atlas,V"]
[PlyCount "68"]
[EventDate "1999.04.??"]
[EventType "team-tourn"]
[EventRounds "9"]
[EventCountry "SUI"]
[Source "ChessBase"]
[SourceDate "1999.08.01"]

1. e4 c5 2. Nf3 d6 3. d4 cxd4 4. Nxd4 Nf6 5. Nc3 a6 6. f3 e5 7. Nb3 Be6 8. Be3
Be7 9. Qd2 O-O 10. O-O-O b5 11. g4 b4 12. Nd5 (12. Na4 $5 {is known to be an
important alternative to the text. It was successfully applied  in a number of
the high level games, in particular, Adams,M-Sadler,M/London 1988/TD, Svidler,
P-Hansen,C/Groningen 1995/CBM 51, and Kasparov,G-Ricardi,P/Buenos Aires 1997/
EXT 98}) 12... Bxd5 13. exd5 a5 14. Kb1 Qc7 (14... a4 15. Nc1 Qa5 (15... Ra5 {
- see Tiviakov,S-Ye Jiangchuan/Beijing 1997/CBM 61.}) 16. g5 (16. h4 $5 {1-0
Socko,B-Kempinski,R/POL-ch 1996 (47)}) 16... Nfd7 (16... Nh5 17. Bh3 {Tiviakov,
S-Sahu,S/Calcutta 1993, 1-0 (45);  Hellers,F-Pliester,L/Gausdal International
1992 1/2-1/2 (31)}) 17. h4 Na6 {0-1 Kaminski,M-Gutman,L/Bad Endbach 1995 (40)})
15. g5 Nfd7 (15... Nh5 $5 {Gallagher,J-Gutman,L/Bad Woerishofen op 1994}) 16.
h4 (16. Qd3 $143 Rc8 17. Bh3 a4 18. Nd2 Na6 19. Ne4 b3 {0-1 Anka,E-Gallagher,J/
Geneva 1996/CBM 51 ext (32)}) 16... Nb6 17. h5 {This move mentioned by A.
Isratescu in 69 Chess Informant and tried in the recent game De la Riva,
O-Gallagher,J/FRA 1998 does not seem to favour White in this sharp position.} (
{Solak,D-Istratescu,A (Bucuresti 1997) saw} 17. Nc5 a4 18. Bb5 Ra5 19. Qxb4
Rxb5 20. Qxb5 dxc5 21. d6 Bxd6 22. Rxd6 Qxd6 23. Bxc5 Qd5 24. Qxb6 Nd7 25. Qd6
Qxf3 26. Re1 Nxc5 27. Qxc5 {upon which move a draw was agreed. Comments to
this game can be found in 69 Chess Informant and in CBM 60.}) 17... a4 ({A.
Istratescu considered instead} 17... Nc4 18. Bxc4 Qxc4 19. g6 Nd7 20. h6 fxg6
21. hxg7 Rf7 {. The text move is arguably more precise.}) 18. Nc1 Nc4 19. Bxc4
Qxc4 20. g6 {Likely a new continuation which was supposed to improve upon
White's play in the above-mentioned game De la Riva,O-Gallagher.} (20. Rhg1 b3
21. cxb3 axb3 22. Nxb3 Nd7 23. Nc1 f5 24. gxf6 Bxf6 25. Rg4 Qa6 26. Rdg1 Rf7
27. Bg5 Bxg5 28. Rxg5 Nf6 29. a3 Rb8 30. Ka1 Qb7 {x d5} 31. Nd3 (31. Rd1 Nxd5)
31... Qxd5 {and Black got an upper hand in De la Riva,O-Gallagher,J/FRA 1998/
CBM 64 ext 0-1 (45)}) 20... Nd7 21. gxh7+ Kh8 22. Rhg1 b3 {The critical
position. Which capture is correct?} 23. axb3 $6 ({After} 23. cxb3 axb3 24.
Nxb3 {Black could have faced more difficulties than after the move White
actually played. Since a direct assault} Rxa2 $2 (24... Qa4 25. Nc1 Rfc8 (25...
Bf6 $5) 26. Rg4 Rxc1+ $140 $6 27. Kxc1 Qxa2 28. Qc2) {falls short to} 25. Kxa2
Ra8+ 26. Kb1 Qxb3 27. Qc3 Qa2+ 28. Kc2 {, Black should seek other ways of
organizing counterplay.}) 23... axb3 24. Nxb3 (24. cxb3 Qa6 $40 {[%cal Gf8c8,
Gc8c2,Ga6a1,Ga8a1]}) 24... Qa4 25. Qg2 ({Black was already threatening to mate
White's king:} 25. -- Qa2+ 26. Kc1 Qa1+ 27. Nxa1 Rxa1#) 25... Bf6 26. Bg5 $2 {
After this move Black wins by force, however it is already difficult to give
White good counsel. Black's attack assumes a concrete shape in the following
possible variations:} (26. h6 g6 27. Bg5 Qa2+ 28. Kc1 Rfc8 29. Rd3 Rab8 30.
Bxf6+ Nxf6 31. Qg5 Nxd5 $1 32. Rxd5 Rxc2+ 33. Kxc2 (33. Kd1 Qb1+ 34. Nc1 Kxh7
$1 35. Rg2 Rbc8 $19) 33... Qxb3+ 34. Kc1 Rc8+ 35. Kd2 (35. Kb1 Qc2+) 35...
Qxd5+ 36. Ke1 Qxf3 $19) (26. Qg4 e4 27. Bd4 (27. fxe4 Qa2+ 28. Kc1 Qxb2+ 29.
Kd2 Qc3+ 30. Ke2 Qxc2+ 31. Nd2 Ne5 $40) 27... e3 $1) 26... Nc5 $1 27. Bxf6 (27.
h6 Rfc8 $19) 27... Qa2+ 28. Kc1 Nxb3+ 29. cxb3 Rfc8+ 30. Kd2 Qa5+ $1 (30...
Qxb2+ $2 {spoils Black's previous play:} 31. Ke1 Qc3+ $2 32. Kf1 $18) 31. Ke3
Qb6+ 32. Ke2 (32. Kd2 Qb4+ 33. Ke3 Qf4+ 34. Ke2 Rc2+ $19) 32... Rc2+ 33. Rd2
Rxd2+ 34. Kxd2 Qd4+ ({White gave up in view of} 34... Qd4+ 35. Ke2 (35. Kc2
Rc8+ 36. Kb1 Qd3+ 37. Ka2 Ra8#) 35... Qxb2+ 36. Kd3 Qd4+ 37. Ke2 Ra2+ 38. Kf1
Qa1#) 0-1

[Event "Mitropa Cup 19th"]
[Site "Baden"]
[Date "1999.04.02"]
[Round "2"]
[White "Soln, Primoz"]
[Black "Stangl, Markus"]
[Result "1-0"]
[WhiteElo "2425"]
[BlackElo "2545"]
[PlyCount "65"]
[EventDate "1999.04.??"]
[EventType "team-tourn"]
[EventRounds "9"]
[EventCountry "SUI"]
[Source "ChessBase"]
[SourceDate "1999.08.01"]

1. d4 d5 2. c4 e6 3. Nc3 c6 4. Nf3 dxc4 5. a4 Bb4 6. e4 b5 7. Bg5 Ne7 8. Be2
Bb7 9. O-O a6 10. Qc2 Nd7 11. Rfd1 Nf6 12. Bxf6 gxf6 13. Qc1 O-O 14. Qh6 Ng6
15. e5 Bxc3 16. bxc3 Qe7 17. h4 fxe5 18. dxe5 f6 19. h5 Nxe5 20. Nxe5 fxe5 21.
Bg4 Rae8 22. Qe3 Qg7 23. f3 Re7 24. Rd6 Qf6 25. Re1 Rfe8 26. Qc5 e4 27. Rxe4
Qxc3 28. Rdxe6 Rxe6 29. Bxe6+ Kh8 30. Bf7 Rc8 31. Qe7 Ba8 32. Rg4 c5 33. Be8
1-0

[Event "Mitropa Cup 19th"]
[Site "Baden"]
[Date "1999.04.02"]
[Round "2"]
[White "Vavrak, Peter"]
[Black "Cvitan, Ognjen"]
[Result "1/2-1/2"]
[WhiteElo "2233"]
[BlackElo "2521"]
[Annotator "Avrukh,B"]
[PlyCount "66"]
[EventDate "1999.04.??"]
[EventType "team-tourn"]
[EventRounds "9"]
[EventCountry "SUI"]
[Source "ChessBase"]
[SourceDate "1999.08.01"]

1. Nf3 Nf6 2. d4 g6 3. g3 Bg7 4. Bg2 d5 5. O-O O-O 6. Be3 c6 7. Qc1 Bg4 (7...
Re8 8. Bh6 (8. c4 dxc4 9. Qxc4 Be6 10. Qc1 Nbd7 11. Nc3 Bd5 12. Rd1 Qa5 $13 {
Starosek,K-Burmakin,V/Ajka op 1992}) 8... Bh8 9. c4 (9. h3 Nbd7 10. c4 e5 11.
cxd5 Nxd5 12. e4 N5f6 13. Nxe5 Nxe5 14. dxe5 $14 {Popchev,M-Shuraev,A/
Belgrade-B 1991}) 9... Bf5 10. Nbd2 Nbd7 11. Nh4 Bg4 12. f3 Be6 13. Kh1 dxc4
14. e4 b5 15. f4 $36 {Goldin,A-Cvitan,O/Warsaw 1990}) (7... Qb6 8. h3 (8. Rd1
Re8 9. a4 a5 10. h3 Ne4 11. Ra3 Nd7 12. Nbd2 Nd6 13. Bf4 e5 $11 {Landa,
K-Dvoirys,S/RUS-Cup3 1996}) 8... Bf5 9. Ne5 Nfd7 10. g4 Be6 11. Nf3 f6 12. b3
Qa6 13. Nc3 Bf7 14. Bh6 Qa5 $13 {Landa,K-Danailov,S/Vienna op 1996}) 8. h3 Bxf3
9. Bxf3 Nbd7 10. c4 Rc8 (10... e5 $5 11. cxd5 Nxd5 12. Bxd5 cxd5 13. dxe5 Nxe5
14. Bh6 (14. Rd1 Qc8 (14... Qd7 15. Kg2 Rac8 16. Nc3 Nc4 17. Bd4 $14) 15. Qxc8
Rfxc8 16. Nc3 $14) 14... Rc8 15. Nc3 d4 16. Bxg7 Kxg7 17. Qf4 $11) 11. Rd1 $6
dxc4 $1 12. a4 (12. Qxc4 $2 Ne5 $1 {[%cal Gd8d1]} 13. Qb3 Nxf3+ 14. exf3 Qd7
$15) 12... a6 $6 (12... Nb6 $5 13. a5 Nbd5 14. Bh6 Bxh6 15. Qxh6 b5 16. axb6
axb6 17. e4 Nb4 18. Nc3 Nd3 $15) 13. a5 Nd5 14. Bh6 Bxh6 15. Qxh6 e5 (15... b5
$6 16. axb6 Qxb6 17. Qc1 $1 $14 {[%csl Ra6,Rc4]}) 16. dxe5 Nxe5 17. Bg2 Qf6 18.
Bxd5 cxd5 19. Nc3 $1 $36 Nc6 $1 (19... d4 $6 20. Nd5 (20. Rxd4 $2 Nf3+ 21. exf3
Qxd4 $17) 20... Qe6 21. Rxd4 Rfd8 (21... Nc6 $2 22. Rh4 $1 $18) 22. Rad1 $16)
20. Rxd5 Rfd8 21. Rad1 Rxd5 22. Rxd5 Rd8 23. e4 $2 (23. Qd2 $5) 23... Rxd5 $5
24. exd5 Nxa5 {[%csl Ra5]} 25. Qe3 $1 Nb3 $6 (25... b5 $1 26. Ne4 $1 (26. Qe8+
$6 Kg7 27. Ne4 Qxb2 28. d6 Qd4 $1 $19) 26... Qe5 (26... Qxb2 27. d6 Nb7 28. d7
Qb1+ 29. Kg2 Qd3 30. Nf6+ Kf8 31. Qe5) 27. d6 Nc6 28. d7 Qe7 $15) 26. Qe8+ Kg7
27. Ne4 Qxb2 (27... Qd4 $1) 28. d6 Na5 29. d7 Nc6 30. Nd6 $1 $11 (30. d8=Q Nxd8
31. Qxd8 Qb1+ $19 {[%cal Gb1g1,Gb1e4]}) 30... Qf6 31. Nxc4 Nd8 32. Nd6 Qxd6 (
32... b5 $4 33. Ne4 $1 $18) 33. Qxd8 Qd1+ 1/2-1/2

[Event "Mitropa Cup 19th"]
[Site "Baden"]
[Date "1999.04.02"]
[Round "2"]
[White "Zelcic, Robert"]
[Black "Balogh, Tomas"]
[Result "1-0"]
[WhiteElo "2554"]
[BlackElo "2435"]
[Annotator "Mikhalevski,V"]
[PlyCount "59"]
[EventDate "1999.04.??"]
[EventType "team-tourn"]
[EventRounds "9"]
[EventCountry "SUI"]
[Source "ChessBase"]
[SourceDate "1999.08.01"]

1. e4 e5 2. Nf3 Nf6 3. Nc3 Nc6 4. d4 exd4 5. Nxd4 Bb4 6. Nxc6 bxc6 7. Bd3 d5 8.
exd5 cxd5 9. O-O O-O 10. Bg5 c6 11. Na4 h6 ({Other options are:} 11... Re8) (
11... Qd6) (11... Be6) (11... Bd6) 12. Bh4 Bd6 13. c4 Rb8 14. b3 (14. Re1)
14... Be6 (14... Bf4 15. Re1 (15. Bg3 Qd6 16. Qf3 Bxg3 17. Qxg3 Qxg3 18. hxg3
Rd8 19. Rfd1 Be6 $11 {1-0 Licina,A-Krivec,J/SLO-chW 1996/EXT 97 (49)}) 15...
Qd6 16. Bg3 Bxg3 17. hxg3 Be6 18. Rc1 d4 19. Qd2 $14 {0-1 Golubev,
M-Tseshkovsky,V/Biel 1993/TD (40)}) 15. Rc1 Rb4 $6 {[%cal Gd5c4] Only this
move is new and I think not the best one.Black provokes 16.a3,but only helps
White to strengthen his position on the queen side.} (15... Re8 16. cxd5 cxd5
17. Nc5 Rb4 18. Bg3 Bxc5 19. Rxc5 Ne4 $11 {1/2-1/2 Licina,A-Trabert,B/Ptuj
1995/EXT 97 (54)}) (15... Bf4 $5 {Perhaps the best continuation.} 16. Rc2 (16.
cxd5 $5 cxd5 (16... Bxc1 17. dxe6 fxe6 (17... Bf4 18. exf7+ Kh8 19. Bc4 $14)
18. Bg3 $1 $16) 17. Rc6 Qd7 $13 {[%cal Gf6e4]}) 16... Rb4 $5 {[%cal Gd5c4]} 17.
Nc5 Bxh2+ (17... dxc4 18. Nxe6 fxe6 19. Bxc4 Qxd1 20. Rxd1 Nd5 $140 21. Bxd5
cxd5 22. Be7 {[%cal Re7b4,Re7f8]}) 18. Kxh2 Qd6+ 19. Kg1 Ng4 $2 (19... Qxc5
$142 20. Bxf6 gxf6 $13) 20. Bg3 Qxc5 21. Be2 $1 {[%cal Re2g4,Rc4d5]} Bf5 (21...
Nf6 22. cxd5 Qxd5 23. Qxd5 Nxd5 24. Bd6) 22. Bxg4 Bxc2 23. Qxc2 dxc4 24. Be2 c3
25. Bc4 $18 {1-0 Licina,A-Kim,O/Erevan 1996/EXT 97 (61)}) 16. a3 Rb8 17. b4 a5
$2 {[%csl Rb6] Again Black helps.He should think about well-known rule: don't
play on the side where you are worse.} 18. c5 Be7 $6 (18... Be5 $5) (18... Bc7
$5) 19. Bg3 Ra8 ({After} 19... Rb7 20. b5 {should be taken in consideration}
cxb5 $140 21. c6) 20. Nb6 Ra7 21. Qa4 {[%csl Ra5,Rc6]} Bd7 22. Rfe1 $1 $16 {
[%cal Ge1e7,Gb6d7,Gg3b8,Ga4a5,Gb4a5,Ga4c6] White's pressure becomes very
serious.The strenght of all white guys can't be compared with the black ones
which are very passive and  under constant fire.} Be8 23. Bf5 $1 {The pressure
grows from move to move.} Nd7 {That's it.Black can't suffer anymore and
decides to give up a pawn.} 24. Qxc6 Nxc5 $8 ({or} 24... Nf6 25. Qc8 $18) 25.
Qxd5 Qxb6 ({Or} 25... Na4 26. Qxd8 (26. Rxe7 Qxe7 27. Nc8 Qb7 $1) 26... Bxd8
27. Nc8 $1 $18 {[%cal Rg3d6,Rc8d6,Rc8a7]}) 26. bxc5 $18 {Strong pass pawn
supported by all white pieces is unstopable} Qb5 27. Bd3 Qc6 28. Qc4 {[%cal
Gd3e4]} Qa4 29. c6 Qxa3 30. Bb8 (30. Bb8 Ra8 31. c7 Bd7 32. Qe4 {[%cal Re4a8,
Re4h7,Re4e7]}) 1-0

[Event "Mitropa Cup 19th"]
[Site "Baden"]
[Date "1999.04.03"]
[Round "3"]
[White "Acs, Peter"]
[Black "Lehner, Oliver"]
[Result "1/2-1/2"]
[WhiteElo "2521"]
[BlackElo "2408"]
[PlyCount "63"]
[EventDate "1999.04.??"]
[EventType "team-tourn"]
[EventRounds "9"]
[EventCountry "SUI"]
[Source "ChessBase"]
[SourceDate "1999.08.01"]

1. e4 c5 2. Nf3 Nc6 3. d4 cxd4 4. Nxd4 Nf6 5. Nc3 e5 6. Ndb5 d6 7. Bg5 a6 8.
Na3 b5 9. Nd5 Qa5+ 10. Bd2 Qd8 11. Nxf6+ Qxf6 12. Bd3 Qg6 13. O-O Be7 14. Kh1
O-O 15. Nb1 Bb7 16. f3 Rad8 17. c4 b4 18. a3 bxa3 19. Nxa3 Bg5 20. Nc2 Bf4 21.
g3 Bxd2 22. Qxd2 a5 23. Ra3 Bc8 24. Ne3 Qg5 25. Qf2 Qe7 26. Nd5 Qb7 27. c5 Be6
28. Bc4 Nb4 29. Rxa5 Nxd5 30. exd5 Bxd5 31. Bxd5 Qxd5 32. b4 1/2-1/2

[Event "Mitropa Cup 19th"]
[Site "Baden"]
[Date "1999.04.03"]
[Round "3"]
[White "Balogh, Tomas"]
[Black "Boyd, Stephen"]
[Result "1/2-1/2"]
[WhiteElo "2435"]
[BlackElo "2370"]
[PlyCount "98"]
[EventDate "1999.04.??"]
[EventType "team-tourn"]
[EventRounds "9"]
[EventCountry "SUI"]
[Source "ChessBase"]
[SourceDate "1999.08.01"]

1. d4 g6 2. c4 Bg7 3. e4 d6 4. Nc3 Nf6 5. f3 O-O 6. Be3 c5 7. Nge2 Nc6 8. Qd2
Qa5 9. d5 Ne5 10. Ng3 e6 11. Be2 exd5 12. cxd5 a6 13. Nd1 Qxd2+ 14. Bxd2 b5 15.
O-O Re8 16. a4 Bd7 17. h3 h5 18. Ra2 Kh7 19. b3 c4 20. bxc4 bxc4 21. Bb4 Bf8
22. Ne3 Rab8 23. Ba5 Rec8 24. f4 Nd3 25. Nxc4 Rxc4 26. Bxd3 Rxa4 27. Rxa4 Bxa4
28. f5 g5 29. Bc3 Bg7 30. Bxa6 h4 31. Ne2 Bc2 32. e5 dxe5 33. Bxe5 Re8 34. Bd4
Nxd5 35. f6 Bf8 36. Bc4 Be4 37. Ra1 Rc8 38. Bxd5 Bxd5 39. Ra5 Bc4 40. Nc3 Bh6
41. Ne4 Kg6 42. Nd6 Rd8 43. Nxc4 Rxd4 44. Ne3 Bf8 45. Ng4 Bd6 46. Kf2 Rf4+ 47.
Ke3 Bb4 48. Ra8 Bc3 49. Rg8+ Kf5 1/2-1/2